Stumble Guys: Space Skins - Statistics

General Stats
  • This quiz has been taken 14 times
    10 since last reset
  • The average score is 12 of 14
Answer Stats
Picture Answer % Correct
Green Alien
100%
Metal Alien
100%
Pink Alien
100%
USA Astronaut
100%
Astronaut
88%
Leo
88%
Orbit
88%
Pixel Orbit
88%
Cancer
75%
Meteor
75%
Orange Martian
75%
Stumblenaut
75%
Virgo
75%
Sisunaut
38%
No matching quizzes found
Score Distribution
Percent of People with Each Score
Percentile by Number Answered
Your Score History
You have not taken this quiz since the last reset